Filiales de bouygues - Statistiques

Statistiques générales
  • Ce quiz a été pris 20 fois
  • Le résultat moyen est 4 sur 6
Statistiques - réponses
Filiales % Correct
Bouygues Télécom
88%
Bouygues construction
76%
TF1
65%
Bouygues immobilier
59%
Colas
59%
Equans
59%
Aucun quiz correspondant
Distribution des résultats
% des personnes avec chaque résultat
Percentile par nombre de réponses
Votre historique - résultats
Vous n’avez pas pris ce quiz